| 000 | 00943pam a2200289 a 4500 | ||
|---|---|---|---|
| 001 | 013326073 | ||
| 003 | Uk | ||
| 005 | 20171126130704.0 | ||
| 008 | 051021t2006 moua frb 001 0 eng d | ||
| 020 | _a0323033393 (pbk.) | ||
| 020 | _a9780323033398 (pbk.) | ||
| 020 | _a9788131208564 | ||
| 082 | 0 | 4 |
_a611.018931 _222 _bAVE |
| 100 | 1 |
_aAvery, James K. _932107 |
|
| 245 | 1 | 0 |
_aEssentials of oral histology and embryology : _ba clinical approach / _cJames K. Avery, Daniel J. Chiego. |
| 250 | _a3rd ed. | ||
| 260 |
_aSt. Louis ; _aLondon : _bElsevier Mosby, _cc.2006. |
||
| 300 |
_aix, 241 p. : _bill. ; _c28 cm. |
||
| 504 | _aIncludes bibliographical references and index. | ||
| 650 | 7 |
_932108 _aEmbryology, Human. _2BUEsh |
|
| 650 | 7 |
_930165 _aMouth _xHistology. _2BUEsh |
|
| 650 | 7 |
_930164 _aTeeth _xHistology. _2BUEsh |
|
| 651 | _2BUEsh | ||
| 653 |
_bDDent _cJanuary2013 _cNovember2017 |
||
| 700 | 1 |
_aChiego, Daniel J. _932109 |
|
| 942 | _2ddc | ||
| 999 |
_c17166 _d17138 |
||